[Event "C.to Regionale Marche"]
[Site "Civitanova Marche ITA"]
[Date "2011.05.13"]
[Round "1"]
[White "Fioravanti, Diego"]
[Black "Renzetti, Leonardo"]
[Result "1-0"]
[WhiteElo "2139"]
[BlackElo "1859"]
[PlyCount "97"]
[EventDate "2011.05.13"]

1. e4 e6 2. d4 d5 3. Nd2 Nf6 4. e5 Nfd7 5. Bd3 c5 6. c3 Nc6 7. Ne2 Qb6 8. Nf3
f6 9. exf6 Nxf6 10. O-O c4 11. Bc2 Bd7 12. Re1 O-O-O 13. Rb1 Qc7 14. Bf4 Qa5
15. Qd2 b5 16. b4 Qb6 17. a4 a6 18. axb5 axb5 19. Ra1 Kb7 20. Ng5 Rc8 21. Nf7
Rg8 22. Nd6+ Bxd6 23. Bxd6 Ra8 24. Bc5 Qc7 25. Nf4 Rxa1 26. Rxa1 Ra8 27. Rxa8
Kxa8 28. g3 g5 29. Ne2 h6 30. Bg6 Be8 31. Qa2+ Kb7 32. Bc2 Bh5 33. Kf1 Bf3 34.
Ng1 Be4 35. f3 Bxc2 36. Qxc2 Qf7 37. Kg2 Qh7 38. Qxh7+ Nxh7 39. g4 Nf6 40. Bf8
h5 41. Bg7 Ne8 42. Bh6 hxg4 43. fxg4 e5 44. dxe5 Nxe5 45. Bxg5 Nxg4 46. Nf3 Nd6
47. Kg3 Nxh2 48. Kxh2 Ne4 49. Bd2 1-0

[Event "C.to Regionale Marche"]
[Site "Civitanova Marche ITA"]
[Date "2011.05.13"]
[Round "1"]
[White "Medorini, Massimiliano"]
[Black "Rinaudo, Andrea"]
[Result "1-0"]
[WhiteElo "1830"]
[BlackElo "2102"]
[PlyCount "47"]
[EventDate "2011.05.13"]

1. e4 c5 2. Nf3 Nc6 3. c3 d5 4. exd5 Qxd5 5. d4 Bg4 6. Be2 cxd4 7. cxd4 e6 8.
O-O Nf6 9. Nc3 Qd7 10. Bg5 Be7 11. Bxf6 Bxf6 12. d5 exd5 13. Nxd5 Bxb2 14. Rb1
O-O-O 15. Qa4 Qxd5 16. Qxg4+ f5 17. Qa4 Bd4 18. Rbc1 Rhe8 19. Nxd4 Re4 20. Qxa7
Rd7 21. Nxc6 Rc7 22. Qb8+ Kd7 23. Qxc7+ Kxc7 24. Ne7+ 1-0

[Event "C.to Regionale Marche"]
[Site "Civitanova Marche ITA"]
[Date "2011.05.13"]
[Round "1"]
[White "Miandro, Roberto"]
[Black "Ballarini, Martin"]
[Result "1-0"]
[WhiteElo "2091"]
[BlackElo "1788"]
[PlyCount "95"]
[EventDate "2011.05.13"]

1. c4 Nf6 2. g3 d5 3. cxd5 Nxd5 4. Bg2 g6 5. Nc3 c6 6. Nf3 Bg7 7. O-O O-O 8. d4
f5 9. Qb3 Kh8 10. Rd1 b6 11. Ng5 e6 12. e4 fxe4 13. Ncxe4 h6 14. Nf3 Qe7 15.
Bd2 Nd7 16. Bc3 Nxc3 17. bxc3 g5 18. h3 Bb7 19. Re1 c5 20. Rad1 Rad8 21. Ned2
e5 22. d5 Qf7 23. c4 Rde8 24. Ne4 Qg6 25. a4 Bc8 26. Qa3 Nf6 27. Nd6 e4 28. Nd2
Re7 29. Nxc8 Rxc8 30. a5 Rce8 31. axb6 axb6 32. Nf1 Nd7 33. Ne3 Ne5 34. Re2 h5
35. Qa4 Nd3 36. Qb5 Bd4 37. Rf1 h4 38. g4 Qf6 39. Nf5 Nf4 40. Ra2 e3 41. fxe3
Bxe3+ 42. Kh1 Nd3 43. Nxe3 Qe5 44. Nf5 Rf7 45. Qxb6 Rf6 46. Qb7 Rxf5 47. gxf5
Nf4 48. Ra7 1-0

[Event "C.to Regionale Marche"]
[Site "Civitanova Marche ITA"]
[Date "2011.05.13"]
[Round "1"]
[White "Santinelli, Michele"]
[Black "Pierantozzi, Stanislao"]
[Result "1/2-1/2"]
[WhiteElo "1780"]
[BlackElo "1957"]
[PlyCount "65"]
[EventDate "2011.05.13"]

1. d4 Nf6 2. Nf3 e6 3. e3 b6 4. Nbd2 Bb7 5. Bd3 d5 6. c3 Nbd7 7. Qe2 Bd6 8. e4
dxe4 9. Nxe4 Nxe4 10. Bxe4 Bxe4 11. Qxe4 O-O 12. Bg5 Nf6 13. Qh4 Be7 14. Ne5
Qd5 15. O-O h6 16. Be3 Rfe8 17. Qg3 Ne4 18. Qg4 Nf6 19. Qf3 Qxf3 20. Nxf3 Nd5
21. c4 Nxe3 22. fxe3 Bf6 23. e4 Red8 24. Rad1 Rac8 25. b3 c6 26. h3 Rd7 27. Rd2
Rcd8 28. Rfd1 Kf8 29. Kf2 g6 30. g4 Kg7 31. Kg3 Be7 32. Kg2 Bb4 33. Rd3 1/2-1/2

[Event "C.to Regionale Marche"]
[Site "Civitanova Marche ITA"]
[Date "2011.05.13"]
[Round "1"]
[White "Sagripanti, Michele"]
[Black "Marinucci, Johnny"]
[Result "1-0"]
[WhiteElo "1947"]
[BlackElo "1762"]
[PlyCount "181"]
[EventDate "2011.05.13"]

1. e4 Nf6 2. e5 Nd5 3. d4 d6 4. Nf3 Bg4 5. Be2 Nc6 6. exd6 cxd6 7. O-O e6 8. c4
Nf6 9. Nc3 d5 10. cxd5 Nxd5 11. Qb3 Qb6 12. Qxb6 Nxb6 13. Bf4 Be7 14. Rfd1 O-O
15. h3 Bf5 16. Rac1 Nb4 17. a3 N4d5 18. Bg3 Rfd8 19. Nb5 a6 20. Nc7 Rac8 21.
Nxd5 Nxd5 22. Bc4 Nf6 23. Bb3 Be4 24. Bc7 Re8 25. Ba5 Bd5 26. Bxd5 Nxd5 27. Ne5
Bf6 28. Rxc8 Rxc8 29. g3 Rc2 30. f4 Be7 31. Rd2 Rc8 32. Nd7 Rc6 33. Ne5 Rc1+
34. Kf2 b6 35. Nd3 Rc8 36. Bb4 Bf6 37. Ne5 Bxe5 38. dxe5 g6 39. Bd6 Rc6 40. Ke2
f5 41. Kf3 h5 42. Ke2 b5 43. Kd3 Kf7 44. Ke2 Ke8 45. Kf3 Rc4 46. Bb8 Kd7 47.
Bd6 Kc6 48. Bb8 Kb7 49. Bd6 Re4 50. Bc5 Kc6 51. Bf2 Rc4 52. Be3 a5 53. Bf2 b4
54. axb4 axb4 55. Ke2 b3 56. Kd3 Kb5 57. Bd4 Nb4+ 58. Ke2 Rc2 59. Rxc2 Nxc2 60.
Kd3 Kb4 61. Bc3+ Kc5 62. h4 Kd5 63. Bd2 Nd4 64. Bc3 Nf3 65. Ke3 Nh2 66. Kd3 Ng4
67. Be1 Nh2 68. Bf2 Ng4 69. Be1 Nh2 70. Kc3 Nf3 71. Bf2 Kc6 72. Kxb3 Nd2+ 73.
Ka4 Ne4 74. Be1 Kb6 75. b4 Ka6 76. b5+ Kb6 77. Kb4 Kb7 78. Kc4 Kb6 79. Kb4 Kb7
80. Ka5 Nc5 81. b6 Kc6 82. Bf2 Nb7+ 83. Ka6 Nd8 84. Ka7 Nb7 85. Kb8 Na5 86. Kc8
Nb7 87. Bg1 Na5 88. Kd8 Nb3 89. Ke7 Nd2 90. Kxe6 Ne4 91. Kf7 1-0

[Event "C.to Regionale Marche"]
[Site "Civitanova Marche ITA"]
[Date "2011.05.13"]
[Round "1"]
[White "Piergentili, Roberto"]
[Black "Fioravanti, Emidio"]
[Result "0-1"]
[WhiteElo "1750"]
[BlackElo "1945"]
[PlyCount "94"]
[EventDate "2011.05.13"]

1. d4 Nf6 2. c4 e6 3. Nc3 Bb4 4. f3 c5 5. d5 O-O 6. e4 d6 7. Bd3 Bxc3+ 8. bxc3
Re8 9. Ne2 e5 10. O-O Nbd7 11. Rb1 Nf8 12. a4 Ng6 13. Ng3 Rb8 14. Rf2 h6 15.
Rfb2 Nf4 16. Be3 N6h5 17. Nxh5 Nxh5 18. Qd2 Qf6 19. g4 Nf4 20. Bxf4 exf4 21.
Kh1 g5 22. Rg1 Kg7 23. Qc1 Qe5 24. h4 Rh8 25. Rh2 Bd7 26. a5 f6 27. Qd2 b6 28.
axb6 axb6 29. Qb2 Rhc8 30. Ra1 Rc7 31. hxg5 fxg5 32. Ra6 Rcb7 33. Qa3 Be8 34.
Ra8 Rxa8 35. Qxa8 Re7 36. Qa3 Rb7 37. Qa6 Rd7 38. Qa3 Qe7 39. Ra2 h5 40. Qa6
hxg4 41. fxg4 Kg8 42. Rh2 Ra7 43. Qxb6 Ra1+ 44. Kg2 f3+ 45. Kf2 Qe5 46. Rh6
Ra2+ 47. Ke1 Qxc3+ 0-1

[Event "C.to Regionale Marche"]
[Site "Civitanova Marche ITA"]
[Date "2011.05.13"]
[Round "2"]
[White "Fioravanti, Emidio"]
[Black "Fioravanti, Diego"]
[Result "1/2-1/2"]
[WhiteElo "1945"]
[BlackElo "2139"]
[PlyCount "47"]
[EventDate "2011.05.13"]

1. e4 c6 2. d4 d5 3. e5 Bf5 4. Nf3 e6 5. Bd3 Ne7 6. O-O Nd7 7. Re1 c5 8. c3
Bxd3 9. Qxd3 Nc6 10. a3 Qb6 11. b4 cxd4 12. cxd4 Be7 13. Nc3 O-O 14. Na4 Qd8
15. Nc5 b6 16. Nb3 Qe8 17. b5 Nd8 18. Bg5 f6 19. exf6 Bxf6 20. Rac1 Qh5 21.
Bxf6 Nxf6 22. Re5 Qh6 23. Rc7 Ne4 24. Qe3 1/2-1/2

[Event "C.to Regionale Marche"]
[Site "Civitanova Marche ITA"]
[Date "2011.05.13"]
[Round "2"]
[White "Medorini, Massimiliano"]
[Black "Sagripanti, Michele"]
[Result "0-1"]
[WhiteElo "1830"]
[BlackElo "1947"]
[PlyCount "68"]
[EventDate "2011.05.13"]

1. e4 e6 2. d4 d5 3. Nc3 Nf6 4. Bg5 Be7 5. e5 Nfd7 6. h4 h6 7. Bxe7 Qxe7 8. Qg4
O-O 9. Nf3 c5 10. O-O-O Nc6 11. dxc5 Ndxe5 12. Nxe5 Nxe5 13. Qh5 f5 14. Re1 Qf6
15. Be2 Ng6 16. g3 Bd7 17. f4 Rfc8 18. Bd3 Rxc5 19. Ref1 Ne7 20. g4 Be8 21. g5
Qxc3 22. Qxe8+ Rxe8 23. bxc3 Rxc3 24. Re1 Kf7 25. Bb5 Rd8 26. Rd1 a6 27. Bd3 h5
28. Kd2 d4 29. Rb1 Rd7 30. Rb4 a5 31. Rb3 Nd5 32. Rb5 Ne3 33. Re1 Rdc7 34. Reb1
Nxc2 0-1

[Event "C.to Regionale Marche"]
[Site "Civitanova Marche ITA"]
[Date "2011.05.13"]
[Round "2"]
[White "Pierantozzi, Stanislao"]
[Black "Rinaudo, Andrea"]
[Result "1-0"]
[WhiteElo "1957"]
[BlackElo "2102"]
[PlyCount "87"]
[EventDate "2011.05.13"]

1. d4 Nf6 2. c4 e6 3. Nf3 d5 4. Nc3 Nbd7 5. Bg5 Be7 6. e3 O-O 7. Rc1 h6 8. Bh4
a6 9. Bd3 dxc4 10. Bxc4 b5 11. Be2 Bb7 12. O-O c5 13. dxc5 g5 14. Bg3 Nxc5 15.
b4 Nce4 16. Nxe4 Nxe4 17. a3 Nxg3 18. hxg3 Bf6 19. Nd4 Rc8 20. Rxc8 Qxc8 21.
Bf3 Rd8 22. Bxb7 Qxb7 23. Qh5 Kg7 24. Nb3 Qd5 25. Nc5 a5 26. Qe2 axb4 27. axb4
Qc6 28. Rc1 Rc8 29. Qc2 Qd5 30. Ne4 Ra8 31. Nxf6 Kxf6 32. Qh7 Ra2 33. Qxh6+ Ke7
34. Rc7+ Kd6 35. Rxf7 Ra1+ 36. Kh2 Qd1 37. Qf8+ Ke5 38. Qg7+ Ke4 39. Qg6+ Ke5
40. Qxg5+ Ke4 41. Qg6+ Ke5 42. Qf6+ Kd6 43. Qf4+ Kd5 44. Rd7+ 1-0

[Event "C.to Regionale Marche"]
[Site "Civitanova Marche ITA"]
[Date "2011.05.13"]
[Round "2"]
[White "Renzetti, Leonardo"]
[Black "Santinelli, Michele"]
[Result "0-1"]
[WhiteElo "1859"]
[BlackElo "1780"]
[PlyCount "70"]
[EventDate "2011.05.13"]

1. d4 d5 2. Nf3 Nc6 3. c3 Bg4 4. e3 e5 5. Be2 e4 6. Nfd2 Bxe2 7. Qxe2 Nf6 8.
Qb5 Rb8 9. Nb3 Bd6 10. Na5 a6 11. Nxc6 axb5 12. Nxd8 Rxd8 13. b3 O-O 14. Ba3
Bxa3 15. Nxa3 c6 16. c4 Ra8 17. Nc2 bxc4 18. b4 b5 19. h3 Ra7 20. a3 Nd7 21.
Kd2 f5 22. f4 exf3 23. gxf3 Nf6 24. Ne1 Rfa8 25. Nc2 Nh5 26. Rhg1 Re7 27. h4 f4
28. Rae1 fxe3+ 29. Rxe3 Rxe3 30. Kxe3 Re8+ 31. Kd2 Nf4 32. Re1 Rxe1 33. Nxe1
Kf7 34. Ke3 Ne6 35. f4 Kf6 0-1

[Event "C.to Regionale Marche"]
[Site "Civitanova Marche ITA"]
[Date "2011.05.14"]
[Round "3"]
[White "Sagripanti, Michele"]
[Black "Pierantozzi, Stanislao"]
[Result "1-0"]
[WhiteElo "1947"]
[BlackElo "1957"]
[PlyCount "119"]
[EventDate "2011.05.13"]

1. e4 e5 2. Nf3 Nc6 3. Bb5 a6 4. Ba4 Nf6 5. O-O b5 6. Bb3 Bc5 7. c3 d6 8. Re1
Bg4 9. d3 O-O 10. Bg5 Rb8 11. Nbd2 h6 12. Bh4 g5 13. Bg3 Nh5 14. Nf1 Qf6 15.
Ne3 Bxf3 16. gxf3 Ne7 17. Ng4 Qg7 18. Kh1 Ng6 19. Rg1 Kh8 20. Ne3 Bxe3 21. fxe3
Nxg3+ 22. hxg3 Ne7 23. Qe2 f5 24. Rg2 Qf6 25. Rf1 Kg7 26. exf5 Qxf5 27. f4 d5
28. e4 Qh3+ 29. Kg1 dxe4 30. Qxe4 Qf5 31. Qxe5+ Qxe5 32. fxe5 Rbd8 33. Rgf2
Rxf2 34. Rxf2 Rf8 35. Rxf8 Kxf8 36. d4 Kg7 37. Kf2 Kg6 38. Bc2+ Kf7 39. Be4 Ke6
40. a3 a5 41. Kf3 h5 42. b3 c6 43. Ke3 Nd5+ 44. Kd3 Ne7 45. Bf3 h4 46. gxh4
gxh4 47. Bg4+ Kf7 48. c4 Kg6 49. Ke4 Kg5 50. Bd7 b4 51. axb4 axb4 52. d5 cxd5+
53. cxd5 Ng6 54. d6 Nh8 55. Be6 Nf7 56. Bxf7 h3 57. d7 h2 58. d8=Q+ Kg4 59.
Bh5+ Kxh5 60. Kf5 1-0

[Event "C.to Regionale Marche"]
[Site "Civitanova Marche ITA"]
[Date "2011.05.14"]
[Round "3"]
[White "Fioravanti, Diego"]
[Black "Fratini, Mauro"]
[Result "1-0"]
[WhiteElo "2139"]
[BlackElo "1864"]
[PlyCount "27"]
[EventDate "2011.05.13"]

1. e4 Nf6 2. Nc3 d5 3. d4 dxe4 4. Bg5 Bf5 5. f3 Nbd7 6. Bc4 c6 7. Qe2 Qb6 8.
O-O-O exf3 9. Nxf3 e6 10. d5 cxd5 11. Nxd5 Nxd5 12. Rxd5 h6 13. Bb5 e5 14.
Qxe5+ 1-0

[Event "C.to Regionale Marche"]
[Site "Civitanova Marche ITA"]
[Date "2011.05.14"]
[Round "3"]
[White "Santinelli, Michele"]
[Black "Medorini, Massimiliano"]
[Result "1/2-1/2"]
[WhiteElo "1780"]
[BlackElo "1830"]
[PlyCount "71"]
[EventDate "2011.05.13"]

1. Nf3 d5 2. d4 Nf6 3. e3 Bf5 4. Bd3 Bxd3 5. Qxd3 c6 6. Nbd2 Nbd7 7. c3 e6 8.
e4 dxe4 9. Nxe4 Nxe4 10. Qxe4 Nf6 11. Qc2 Be7 12. Bf4 Qb6 13. h3 O-O 14. O-O c5
15. Be5 Rfd8 16. Ng5 h6 17. Bxf6 Bxf6 18. Qh7+ Kf8 19. Ne4 cxd4 20. Nxf6 gxf6
21. Qxh6+ Ke8 22. cxd4 Qxd4 23. Rac1 Rac8 24. Rxc8 Rxc8 25. Rc1 Rc5 26. Rxc5
Qxc5 27. Qd2 b6 28. a3 a5 29. Qc3 Qe5 30. Qe3 Qc7 31. Qd4 b5 32. h4 Qc1+ 33.
Kh2 e5 34. Qc3 Qf4+ 35. Qg3 Qd4 36. Qe3 1/2-1/2

[Event "C.to Regionale Marche"]
[Site "Civitanova Marche ITA"]
[Date "2011.05.14"]
[Round "3"]
[White "Piergentili, Roberto"]
[Black "Marinucci, Johnny"]
[Result "1/2-1/2"]
[WhiteElo "1750"]
[BlackElo "1762"]
[PlyCount "34"]
[EventDate "2011.05.13"]

1. d4 Nf6 2. c4 c6 3. Nc3 d5 4. Nf3 Bf5 5. cxd5 cxd5 6. Qb3 Qb6 7. Nxd5 Qxb3 8.
Nxf6+ exf6 9. axb3 Bc2 10. e3 Bd6 11. Bb5+ Nd7 12. O-O Bxb3 13. Nd2 Bc2 14. Nc4
Bc7 15. Bd2 Be4 16. Ba5 Bxa5 17. Rxa5 Ke7 1/2-1/2

[Event "C.to Regionale Marche"]
[Site "Civitanova Marche ITA"]
[Date "2011.05.14"]
[Round "3"]
[White "Ballarini, Martin"]
[Black "Renzetti, Leonardo"]
[Result "1/2-1/2"]
[WhiteElo "1788"]
[BlackElo "1859"]
[PlyCount "40"]
[EventDate "2011.05.13"]

1. d4 Nf6 2. e3 g6 3. Bd3 Bg7 4. f4 d6 5. Nf3 O-O 6. c3 Nbd7 7. Nbd2 c5 8. e4
Nxe4 9. Bxe4 cxd4 10. cxd4 f5 11. Bc2 Nf6 12. Ng5 h6 13. Bb3+ d5 14. Ngf3 e6
15. Ne5 Kh7 16. h4 Ne4 17. h5 gxh5 18. Qxh5 Qf6 19. Rh3 Rd8 20. Ba4 Nd6 1/2-1/2

[Event "C.to Regionale Marche"]
[Site "Civitanova Marche ITA"]
[Date "2011.05.15"]
[Round "4"]
[White "Fioravanti, Diego"]
[Black "Sagripanti, Michele"]
[Result "0-1"]
[WhiteElo "2139"]
[BlackElo "1947"]
[PlyCount "172"]
[EventDate "2011.05.13"]

1. e4 e6 2. b3 d5 3. Bb2 dxe4 4. Nc3 Nd7 5. Nxe4 Ngf6 6. Ng3 b6 7. Be2 Bd6 8.
Bf3 Rb8 9. Qe2 Qe7 10. O-O-O a5 11. Bc6 O-O 12. Nf3 Nc5 13. d4 Ba6 14. Bb5 Bxb5
15. Qxb5 Ncd7 16. Rhe1 a4 17. Ne5 Ra8 18. Nc6 Qe8 19. b4 a3 20. Ba1 Nb8 21. d5
Nxd5 22. Rxd5 Qxc6 23. Rh5 Bf4+ 24. Kb1 Ra4 25. Ne4 Qxb5 26. Rxb5 Nc6 27. g3
Na7 28. Nc3 Nxb5 29. Nxa4 Bd2 30. Re5 c6 31. c4 Nd6 32. Nxb6 Bxb4 33. Kc2 Rb8
34. Nd7 Rd8 35. Kb3 Bd2 36. Nb6 Rb8 37. c5 Nb5 38. Kc2 Rd8 39. Nc4 Bh6 40. f4
g6 41. Re3 Bf8 42. Ne5 Rd5 43. Ng4 Rxc5+ 44. Kb3 Bg7 45. Nf6+ Bxf6 46. Bxf6 Kf8
47. Kb4 Rd5 48. Ka5 Ke8 49. Kb6 Kd7 50. g4 Nd6 51. Rh3 Nc4+ 52. Ka6 Ra5+ 53.
Kb7 Nd6+ 54. Kb6 Rb5+ 55. Ka6 Rb8 56. Be5 Ra8+ 57. Kb6 Nc4+ 58. Kb7 Ra5 59.
Rxh7 Rb5+ 60. Ka6 Nxe5 61. fxe5 Rxe5 62. Rxf7+ Kd6 63. Rf3 Re2 64. Rxa3 Rxh2
65. Kb7 Rb2+ 66. Kc8 Rb4 67. g5 Rb5 68. Rd3+ Rd5 69. Rg3 e5 70. a4 e4 71. Re3
Ke5 72. Kc7 Ra5 73. Ra3 Kf4 74. Kb6 Rxg5 75. a5 Rxa5 76. Kxa5 e3 77. Kb4 e2 78.
Ra1 Ke3 79. Kc3 g5 80. Rc1 g4 81. Ra1 g3 82. Rc1 g2 83. Ra1 c5 84. Kc2 c4 85.
Rc1 Kf2 86. Kd2 c3+ 0-1

[Event "C.to Regionale Marche"]
[Site "Civitanova Marche ITA"]
[Date "2011.05.15"]
[Round "4"]
[White "Santinelli, Michele"]
[Black "Miandro, Roberto"]
[Result "0-1"]
[WhiteElo "1780"]
[BlackElo "2091"]
[PlyCount "72"]
[EventDate "2011.05.13"]

1. d4 d5 2. Nf3 e6 3. Bf4 Bd6 4. Bxd6 Qxd6 5. c3 c5 6. e3 a6 7. Nbd2 Nf6 8. Bd3
O-O 9. O-O Nc6 10. dxc5 Qxc5 11. e4 dxe4 12. Nxe4 Nxe4 13. Bxe4 Rb8 14. Qc2 g6
15. Rad1 b5 16. b4 Qb6 17. Rd6 Bb7 18. Rfd1 Rbd8 19. Ne5 Rxd6 20. Rxd6 Qc7 21.
Rd7 Qxe5 22. Rxb7 Rd8 23. g3 Nb8 24. c4 bxc4 25. Qxc4 Kg7 26. Bf3 Qe1+ 27. Kg2
Rd2 28. Qc5 Nd7 29. Qa7 Ne5 30. a4 Ra2 31. a5 Ra1 32. Kh3 g5 33. Bg2 Qe2 34.
Bc6 g4+ 35. Kh4 Ng6+ 36. Kg5 Qe5+ 0-1

[Event "C.to Regionale Marche"]
[Site "Civitanova Marche ITA"]
[Date "2011.05.15"]
[Round "4"]
[White "Pierantozzi, Stanislao"]
[Black "Fratini, Mauro"]
[Result "1-0"]
[WhiteElo "1957"]
[BlackElo "1864"]
[PlyCount "48"]
[EventDate "2011.05.13"]

1. d4 Nf6 2. c4 d5 3. cxd5 Nxd5 4. e4 Nf6 5. Nc3 e6 6. Nf3 c6 7. Bd3 Nbd7 8.
O-O Be7 9. Re1 O-O 10. Bg5 b5 11. e5 Ne8 12. Ne4 f5 13. exf6 Ndxf6 14. Qc2 Bd7
15. Nc5 h6 16. Bh4 Nd5 17. Bxe7 Qxe7 18. Ne5 Qg5 19. Bh7+ Kh8 20. Ng6+ Kxh7 21.
Nxf8+ Kg8 22. Nfxd7 Nd6 23. Nxe6 Qg4 24. h3 Qh5 1-0

[Event "C.to Regionale Marche"]
[Site "Civitanova Marche ITA"]
[Date "2011.05.15"]
[Round "4"]
[White "Renzetti, Leonardo"]
[Black "Piergentili, Roberto"]
[Result "1/2-1/2"]
[WhiteElo "1859"]
[BlackElo "1750"]
[PlyCount "48"]
[EventDate "2011.05.13"]

1. d4 d5 2. Nf3 Nf6 3. c3 c5 4. e3 Nc6 5. Nbd2 e6 6. Qc2 Bd6 7. Be2 b6 8. O-O
O-O 9. e4 cxd4 10. cxd4 dxe4 11. Nxe4 Bb7 12. Nxd6 Qxd6 13. Be3 Rac8 14. Qb3
Na5 15. Qa4 Bc6 16. Qd1 Be4 17. Rc1 Nd5 18. Qd2 Nc6 19. Bb5 Bxf3 20. gxf3 Nce7
21. Rxc8 Rxc8 22. Rc1 Rxc1+ 23. Qxc1 Nxe3 24. fxe3 g6 1/2-1/2

[Event "C.to Regionale Marche"]
[Site "Civitanova Marche ITA"]
[Date "2011.05.13"]
[Round "2"]
[White "Fratini, Mauro"]
[Black "Miandro, Roberto"]
[Result "1/2-1/2"]
[WhiteElo "1864"]
[BlackElo "2091"]
[PlyCount "147"]
[EventDate "2011.05.13"]

1. d4 d5 2. Bf4 e6 3. Nf3 c5 4. e3 a6 5. c3 Nc6 6. Nbd2 Bd6 7. Ne5 Qc7 8. Nd3
c4 9. Bxd6 Qxd6 10. Nf4 Nf6 11. g3 O-O 12. Bg2 b5 13. O-O Rb8 14. e4 dxe4 15.
Nxe4 Nxe4 16. Bxe4 g6 17. h4 Bb7 18. h5 Ne7 19. Bxb7 Rxb7 20. Qf3 Rd7 21. Rfe1
Nd5 22. Nxd5 Qxd5 23. Qxd5 Rxd5 24. hxg6 hxg6 25. Re4 Kg7 26. a4 Rfd8 27. Kf1
Kf6 28. axb5 axb5 29. Rf4+ Rf5 30. Rh4 Rd7 31. Ra5 Rb7 32. Re4 Rd5 33. Ra2 g5
34. Ke2 Kf5 35. f3 Rc7 36. Ke3 Kf6 37. Ra6 b4 38. Kd2 Rb5 39. Kc2 bxc3 40. bxc3
Rcb7 41. Ra2 Rb8 42. Re5 Rxe5 43. dxe5+ Kxe5 44. Ra5+ Kd6 45. Rxg5 Ra8 46. Kb2
Rb8+ 47. Kc2 Rh8 48. Kb2 f5 49. g4 Ke5 50. gxf5 exf5 51. Rg7 Rh3 52. Rc7 Kd5
53. Rd7+ Kc5 54. f4 Rf3 55. Rd4 Rd3 56. Rxd3 cxd3 57. Kc1 Kd5 58. Kd1 Ke4 59.
Kd2 Kxf4 60. c4 Ke4 61. c5 Kd5 62. Kxd3 Kxc5 63. Ke3 Kd5 64. Kf4 Ke6 65. Kg3
Kd5 66. Kf4 Ke6 67. Kf3 Ke5 68. Ke3 f4+ 69. Kf3 Kf5 70. Kf2 Ke4 71. Ke2 f3+ 72.
Kf2 Kf4 73. Kf1 Ke3 74. Ke1 1/2-1/2

[Event "C.to Regionale Marche"]
[Site "Civitanova Marche ITA"]
[Date "2011.05.14"]
[Round "3"]
[White "Miandro, Roberto"]
[Black "Fioravanti, Emidio"]
[Result "1-0"]
[WhiteElo "2091"]
[BlackElo "1945"]
[PlyCount "111"]
[EventDate "2011.05.13"]

1. c4 e5 2. Nc3 Nf6 3. Nf3 Nc6 4. g3 Bb4 5. Bg2 d6 6. O-O O-O 7. h3 Be6 8. d3
a6 9. a3 Bc5 10. b3 Qd7 11. Kh2 Rad8 12. e4 h6 13. Qe1 Nd4 14. Nxd4 Bxd4 15.
Be3 c5 16. Rb1 Nh7 17. f4 f5 18. Qd2 exf4 19. gxf4 Bf6 20. Rbd1 g5 21. Nd5 Bxd5
22. cxd5 gxf4 23. Bxf4 Bg5 24. Bxg5 hxg5 25. exf5 Qg7 26. Rde1 Rde8 27. Be4
Qe5+ 28. Kh1 Qg3 29. Qg2 Qxg2+ 30. Bxg2 Rxe1 31. Rxe1 Rxf5 32. Re6 Nf6 33. Rxd6
g4 34. hxg4 Rf4 35. Kh2 Rd4 36. Rxf6 Rxg4 37. Be4 Kg7 38. Rb6 Rf4 39. Rxb7+ Kf6
40. Kg3 Rf1 41. Rb6+ Ke5 42. Re6+ Kd4 43. d6 Rf8 44. d7 Rg8+ 45. Kf3 Rf8+ 46.
Ke2 Rd8 47. Bc6 Rb8 48. Re8 Rxb3 49. Re4+ Kc3 50. Rc4+ Kb2 51. d8=Q a5 52. Qxa5
Ka1 53. Rc3 c4 54. Rxc4 Rb2+ 55. Ke3 Ra2 56. Bd5 1-0

[Event "C.to Regionale Marche"]
[Site "Civitanova Marche ITA"]
[Date "2011.05.15"]
[Round "5"]
[White "Sagripanti, Michele"]
[Black "Miandro, Roberto"]
[Result "1/2-1/2"]
[WhiteElo "1947"]
[BlackElo "2091"]
[PlyCount "94"]
[EventDate "2011.05.13"]

1. e4 c5 2. Nf3 d6 3. c3 Nc6 4. Be2 g6 5. O-O Bg7 6. d3 Nf6 7. h3 O-O 8. Be3 b6
9. Nbd2 Bb7 10. Qc2 Rc8 11. a4 d5 12. Rfe1 h6 13. Bf4 e6 14. Nf1 Re8 15. Rad1
d4 16. Qc1 Kh7 17. Bh2 e5 18. N3d2 Ba6 19. f4 Qe7 20. c4 Rcd8 21. Nf3 Nd7 22.
g4 exf4 23. Bxf4 Nde5 24. N1h2 Rf8 25. Bf1 Bc8 26. Bg2 Be6 27. Nxe5 Nxe5 28.
Nf3 f6 29. Nxe5 fxe5 30. Bg3 Bd7 31. b3 Rf7 32. Rf1 Rdf8 33. Rxf7 Rxf7 34. Rf1
Qf8 35. Rxf7 Qxf7 36. Qf1 Kg8 37. Qxf7+ Kxf7 38. Kf2 Ke6 39. Ke2 Bf6 40. Be1
Bg5 41. h4 Bf4 42. Bh3 Ke7 43. Kf3 g5 44. h5 Kd6 45. Ke2 Kc7 46. Kd1 Kb7 47.
Kc2 a5 1/2-1/2